LIBRARY & INFORMATION CENTRE, KCAET, TAVANUR

ONLINE PUBLIC ACCESS CATALOGUE (OPAC)

Normal view MARC view
  • Chari, R B

Entry Personal Name

Number of records used in: 1

001 - CONTROL NUMBER

  • control field: 7869

003 - CONTROL NUMBER IDENTIFIER

  • control field: OSt

005 - DATE AND TIME OF LATEST TRANSACTION

  • control field: 20260213113716.0

008 - FIXED-LENGTH DATA ELEMENTS

  • fixed length control field: 260213|| aca||aabn | a|a d

040 ## - CATALOGING SOURCE

  • Original cataloging agency: OSt
  • Transcribing agency: OSt

100 ## - HEADING--PERSONAL NAME

  • Personal name: Chari, R B

670 ## - SOURCE DATA FOUND

  • Source citation: Work cat.: (OSt)9862: Chari, R B ., Census of India-1971, Seri 1 India paper 1 of 1975 Scheduled castes and scheduled tribes / , 1975.
free website counter